Loading...

Dharmapuranam

Bibliographic Details
Main Author: O V Vijayan
Format: Printed Book
Language:Undetermined
Published: D C Books 2012
Kottayam
Subjects:
LEADER 00649nam a2200241Ia 4500
008 141122s9999 xx 000 0 und d
020 |a 8171300669 
040 |c . 
041 |a Malayalam 
082 |a 813.1 
082 |b VIJ/DH 
100 |a O V Vijayan 
245 |a Dharmapuranam 
245 |c O V Vijayan 
260 |b D C Books 
260 |b Kottayam 
260 |c 2012 
300 |a 216 Pages 
365 |a 125/-  
650 |a Novel 
942 |c BK 
999 |c 6236  |d 6236 
952 |0 0  |1 0  |4 0  |6 813_100000000000000_VIJDH  |7 0  |9 6194  |a COVAS  |b COVAS  |d 0000-00-00  |g 125.00  |l 8  |m 2  |o 813.1 VIJ/DH  |p 22030  |r 2019-12-16  |s 2019-12-10  |w 2014-11-26  |y BK